000 00640nam a2200253 a 4500
001 nice12345678
003 IN_TiNIC
005 20260116011339.0
008 050524s1855 luca grp 000 0 per
020 _a
_c100
082 0 0 _a616.927
_bARZ1
100 _aArzani H, Mohammad Akbar
245 _aNuskha-E-Sahihiya Taibb-E-Akbar.
260 _aLucknow
_bHind Press
_c1855
300 _a641p
500 _aincludes index and biblioraphy
505 2 _afour parts in two vols.
650 _aMedicine-Arabian
650 _aMedicine-Unani
700 1 _aArzani H, Mohammad Akbar
902 _bRHR
942 _cBK
999 _c722
_d722